00322nam a2200145Ia 45000030006000000080041000060400015000471000017000622450034000792500006001132600020001193000008001395460012001470050017001590STCL150530s9999 xx 000 0 und d aSTCLcSTCL aRay Satyajit aOriginal English Film Scripts a1 c2011aNew Delhi a196 aEnglish20220125170959.0